Privatizuje nielen Slovensko
Skúsenosti s privatizáciou vo vyspelých európskych krajinách a v štátoch s transformujúcou sa ekonomikou. Dôležitý je finančný prínos pre štát, nie rýchlosť privatizačného procesu. Najskôr a najdôslednejšie začali s privatizáciou (časti železníc, energetických podnikov, pôšt) vo Veľkej Británii. Zák...
Uložené v:
| Hlavný autor: | |
|---|---|
| Médium: | Kapitola |
| Jazyk: | Slovak |
| Predmet: | |
| Tagy: |
Žiadne tagy, Buďte prvý, kto otaguje tento záznam!
|
MARC
| LEADER | 00000naa a2200000 4500 | ||
|---|---|---|---|
| 001 | r024385 | ||
| 005 | 20221213095915.2 | ||
| 041 | 0 | |a slo | |
| 044 | |a SK | ||
| 245 | 1 | 0 | |a Privatizuje nielen Slovensko |c T.F. Lindar |
| 520 | |a Skúsenosti s privatizáciou vo vyspelých európskych krajinách a v štátoch s transformujúcou sa ekonomikou. Dôležitý je finančný prínos pre štát, nie rýchlosť privatizačného procesu. Najskôr a najdôslednejšie začali s privatizáciou (časti železníc, energetických podnikov, pôšt) vo Veľkej Británii. Zákon o privatizácii pôšt v Nemecku. Najrýchlejšie privatizovala nemecká agentúra Treuhand v bývalej NDR. Systematické znižovanie podielu štátu v rakúskych a maďarských priemyselných podnikoch. Najväčší rozsah privatizácie v Rusku. | ||
| 610 | 2 | 0 | |a privatizácia |
| 610 | 2 | 0 | |a Veľká Británia |
| 610 | 2 | 0 | |a Nemecko |
| 610 | 2 | 0 | |a Rakúsko |
| 610 | 2 | 0 | |a Maďarsko |
| 610 | 2 | 0 | |a Poľsko |
| 610 | 2 | 0 | |a Česko |
| 610 | 2 | 0 | |a Rusko |
| 100 | 1 | |a Lindar, T.F. | |